000 00481nam a2200181Ia 4500
003 GCL
008 140319s9999 xx 000 0 eng d
040 _aGCL /
_cGCL
082 0 4 _a305.231
_bS C
100 1 _aSROUFE, L ALAN
245 1 0 _aCHILD DEVELOPMENT: ITS NATURE AND COURSE /
_cSROUFE, L ALAN
700 1 _aCOOPER, ROBERT
260 _a[S.N] :
_bMC GRAW - HILL ،
_c1992
300 _a684 P
650 0 4 _aCHILD - DEVELOPMENT
650 0 4 _aCHILD - CARE
942 _2ddc
_cBK
999 _c19710
_d19710